| 000 | 01295cam a2200325 a 4500 | ||
|---|---|---|---|
| 999 |
_c328640 _d328640 |
||
| 001 | 13617412 | ||
| 003 | Nust | ||
| 005 | 20170412162704.0 | ||
| 008 | 040607s2004 nyu d 000 1 eng d | ||
| 010 | _a 2004300304 | ||
| 020 | _a9780747576075 | ||
| 035 | _a(OCoLC)ocm54995205 | ||
| 040 |
_aOCO _cOCO _dWIQ _dDLC |
||
| 042 |
_alcac _alccopycat |
||
| 050 | 0 | 0 |
_aPZ7.V94 _bIal 2004 |
| 082 | 0 | 0 |
_a813.6 _bZIE |
| 100 | 1 | _aVon Ziegesar, Cecily. | |
| 245 | 1 | 0 |
_aI like it like that : _ba Gossip Girl novel / _cby Cecily von Ziegesar. |
| 250 | _a1st ed. | ||
| 260 |
_aNew York : _bLittle, Brown, _c2004. |
||
| 300 |
_a201 p. ; _c21 cm. |
||
| 520 | _aChronicles the spring break activities of two wealthy teenagers, Serena and Blair, and their group of friends, all of whom attend exclusive private schools in Manhattan. | ||
| 650 | 1 |
_aInterpersonal relations _vFiction. |
|
| 650 | 1 |
_aHigh schools _vFiction. |
|
| 650 | 1 |
_aWealth _vFiction. |
|
| 650 | 1 |
_aSchools _vFiction. |
|
| 651 | 1 |
_aNew York (N.Y.) _vFiction. |
|
| 856 | 4 | 2 |
_3Contributor biographical information _uhttp://www.loc.gov/catdir/enhancements/fy0742/2004300304-b.html |
| 906 |
_a7 _bcbc _ccopycat _d2 _encip _f20 _gy-gencatlg |
||
| 942 |
_2ddc _cBK |
||